Las Mujeres productoras de alimentos en Costa Rica: diagnóstico y políticas /

Guardat en:
Dades bibliogràfiques
Autor principal: Martín Salazar, Ligia
Altres autors: Román Vega, Isabel, Lara, Silvia
Format: Text
Publicat: San José: IICA
Etiquetes: Afegir etiqueta
Sense etiquetes, Sigues el primer a etiquetar aquest registre!

MARC

LEADER 00000 a a2200000 04500
001 24050
003
040
090 |a 170700  
100 |a Martín Salazar, Ligia  
245 |a Las Mujeres productoras de alimentos en Costa Rica: diagnóstico y políticas /  |c Ligia Martín Salazar 
260 |a San José:   |b IICA  
300 |a 94 p.  
700 |a Román Vega, Isabel  
700 |a Lara, Silvia  
999 |c 16796  |d 16796